| 000 | 00599na a2200205 4500 | ||
|---|---|---|---|
| 001 | 18491 | ||
| 003 | MIRAKIL | ||
| 005 | 20181213155244.0 | ||
| 008 | 161118b tu 000 0 | ||
| 035 | _a18491 | ||
| 040 |
_aMilas _btur _cTR-AnCHP |
||
| 041 | _atur | ||
| 082 |
_a320.9561 _bT96 [t.y.] |
||
| 090 | _a320.9561 T96 [t.y.] | ||
| 245 |
_aTürkiye üzerinde büyük oyun _bTürklüğün, "Türk" gerçeğinin ve Atatürk'ün tasfiyesi |
||
| 260 |
_a[y.y.] _b[yayl.y.] _c[t.y.] |
||
| 300 |
_aYaklaşık 400 s. _bres. _c30 sm. |
||
| 651 |
_aTürkiye _xSiyasal durum _yBasın |
||
| 942 |
_2dcc _cBKS |
||
| 999 |
_c9375 _d9375 |
||